Catálogo

Aura / (Registro nro. 42643)

Detalles MARC
000 -LEADER
fixed length control field 01237cam a2200337 i 4500
001 - CONTROL NUMBER
control field 42643
003 - CONTROL NUMBER IDENTIFIER
control field Mx-PuUPA
005 - DATE AND TIME OF LATEST TRANSACTION
control field 20250206122539.0
008 - FIXED-LENGTH DATA ELEMENTS--GENERAL INFORMATION
fixed length control field 140415s2012 mx a gr 000 f spa d
020 ## - INTERNATIONAL STANDARD BOOK NUMBER
International Standard Book Number 9786074452699
040 ## - CATALOGING SOURCE
Original cataloging agency Mx-PuUPA
Language of cataloging spa
Transcribing agency Mx-PuUPA
Modifying agency Mx-PuUPA
Description conventions rda
041 0# - LANGUAGE CODE
Language code of text/sound track or separate title spa
100 1# - MAIN ENTRY--PERSONAL NAME
Personal name Fuentes, Carlos,
Dates associated with a name 1928-2012
9 (RLIN) 6919
Relator term autor
245 10 - TITLE STATEMENT
Title Aura /
Statement of responsibility, etc. Carlos Fuentes
250 ## - EDITION STATEMENT
Edition statement Primera edición /
Remainder of edition statement ilustrada
264 #1 - PRODUCTION, PUBLICATION, DISTRIBUTION, MANUFACTURE, AND COPYRIGHT NOTICE
Place of production, publication, distribution, manufacture México, D. F. :
Name of producer, publisher, distributor, manufacturer Ediciones Era,
Date of production, publication, distribution, manufacture, or copyright notice ©2012
300 ## - PHYSICAL DESCRIPTION
Extent 76 páginas :
Other physical details ilustraciones ;
Dimensions 23 cm
336 ## - CONTENT TYPE
Fuente rdacontent
Content type term texto
Content type code txt
500 ## - GENERAL NOTE
General note "Edición conmemorativa a Cincuenta años de la primera edición de Aura en Ediciones Era".-- Página legal.
655 #7 - INDEX TERM--GENRE/FORM
Source of term armarc
Genre/form data or focus term Novela mexicana
Chronological subdivision Siglo XX
655 #7 - INDEX TERM--GENRE/FORM
Source of term armarc
Genre/form data or focus term Novela romántica
655 #7 - INDEX TERM--GENRE/FORM
Source of term armarc
Genre/form data or focus term Cuentos de amor
655 #7 - INDEX TERM--GENRE/FORM
Source of term armarc
Genre/form data or focus term Cuentos de terror
942 ## - ADDED ENTRY ELEMENTS (KOHA)
Source of classification or shelving scheme Dewey Decimal Classification
Koha item type Libro
Classification part 863.6
Item part F53
506 ## - RESTRICTIONS ON ACCESS NOTE
Terms governing access
588 ## - SOURCE OF DESCRIPTION NOTE
Source of description note Recurso en línea; título de la página de título del PDF (OvidEspañol, consultado el 05 de enero de 2021).
Existencias
Withdrawn status Lost status Source of classification or shelving scheme Damaged status Not for loan Collection code Home library Current library Shelving location Date acquired Source of acquisition Total Checkouts Full call number Barcode Date last seen Date last checked out Price effective from Koha item type
    Dewey Decimal Classification     General Biblioteca Karol Wojtyla Biblioteca Karol Wojtyla Sala general 03/12/2013 Donación 2 863.6 F53 2012 64032 06/03/2026 28/04/2025 03/12/2013 Libro